00497nam a2200145Ia 4500008004100000041000800041082001500049100002000064245004500084260004200129300003200171365000900203999001700212952012200229240624s9999 xx 000 0 und d aeng a658.15 MON aMONAHAN GREGORY aENTERPRISE RISK MANAGEMENT A METHODOLOGY c2008aNew JerseybJohn Wiley and Sons axxii, : 179 : p. : cm. ; 23 cb30 c15093d15093 00104070aIMTNbIMTNcRack 24-Ad2010-05-12eBWEg64.95o658.15 MONp15093r2024-06-24 00:00:00t48w2024-06-24yBK